000 00589nam a2200193Ia 4500
005 20250507130303.0
008 008 250505s9999 xx 000 0 eng d
037 _aSeries Article
040 _aEASL
_beng
_cEASL
041 _aeng
_2eng
084 _qEASL
100 _aMaiorano Diego
_9428367
245 0 _arethinking the Twentieth - century history of Mumbai
260 _aUSA
_bNew York Cambridge University Press U.K
_c2014
300 _a1435-1449pp.
650 _aAsian Studies; Twentieth - Century History
_9755069
942 _cSRA
999 _c1318780
_d1318780